|
|
|
|
| LEADER |
00000nab a2200000 ar4500 |
| 001 |
vtls009292362 |
| 003 |
SK-MaSNL |
| 005 |
20260426063427.0 |
| 008 |
080506c2007 xo ur|p|||||||000 b|slo |
| 015 |
|
|
|a SNBRB2008/05
|2 snkbucl
|
| 038 |
|
|
|a SNKBUCL
|
| 040 |
|
|
|a SNKBUCL
|b slo
|c SNKBUCL
|e AACR2
|
| 041 |
0 |
|
|a slo
|
| 044 |
|
|
|a xo
|c SK
|
| 080 |
|
|
|a 78.079:785.7
|2 2001
|
| 080 |
|
|
|a 785.7
|2 2001
|
| 100 |
1 |
|
|a Kubandová, Janka
|4 aut
|9 601449
|
| 245 |
1 |
0 |
|a Komorné dni Johanna Nepomuka Hummela
|c Janka Kubandová
|
| 300 |
|
|
|b Obr.
|
| 611 |
2 |
7 |
|a Komorné dni Johanna Nepumuka Hummela
|n (2. :
|d 2007 :
|c Bratislava, Slovensko)
|2 snkbucl
|9 1286200
|
| 651 |
|
7 |
|a Bratislava (Slovensko)
|2 snkbucl
|9 14568
|
| 773 |
0 |
|
|t Tempo
|g Roč. 4, č. 2 (2007), s. 24
|x 1336-5983
|
| 852 |
|
|
|a SNK
|b KIS3GCP
|
| 958 |
|
|
|a SK
|
| 999 |
|
|
|c 2555978
|d 2557908
|